Normal view
MARC view
Entry Nombre personal
001 - NÚMERO DE CONTROL
- campo de control: 1120
003 - IDENTIFICADOR DE NÚMERO DE CONTROL
- campo de control: DLC
005 - FECHA Y HORA DE LA ÚLTIMA TRANSACCIÓN
- campo de control: 20260424123709.0
008 - ELEMENTOS DE DATO DE LONGITUD-FIJA
- campo de control de longitud fija: 800917n| acannaab| |n aaa |||
010 ## - NÚMERO DE CONTROL DE LA BIBLIOTECA DEL CONGRESO
- Número de control de LC: n 80118273
040 ## - FUENTE DE CATALOGACIÓN
- Centro catalogador/agencia de origen: DLC
- Centro/agencia transcriptor: DLC
- Centro/agencia modificador: DLC
100 10 - ENCABEZAMIENTO-NOMBRE DE PERSONA
- Nombre de persona: Bernier, Olivier
670 ## - FUENTE DE DATOS ENCONTRADOS
- Cita de la fuente: His Pleasure and privilege, 1981:
- Información encontrada: t.p. (Olivier Bernier)
670 ## - FUENTE DE DATOS ENCONTRADOS
- Cita de la fuente: His The eighteenth-century woman, 1982, c1981:
- Información encontrada: CIP t.p. (Olivier Bernier) CIP data sheet (b. 8/12/41)
670 ## - FUENTE DE DATOS ENCONTRADOS
- Cita de la fuente: The world in 1800, c2000:
- Información encontrada: CIP t.p. (Olivier Bernier) pub. info. (a leading authority on French history; educated in Paris, at Harvard Univ., and at the Institute of Fine Arts at New York Univ.; he has taught art history and is widely acclaimed for his lectures at the Metropolitan Museum of Art; lives in New York City)